000 00430nam a22001817a 4500
003 MPLRDC
005 20220104123333.0
008 210129b ||||| |||| 00| 0 eng d
020 _a962-357-301-4
082 _a855 XXF
100 _a西茜凤著
245 _a晨风夕月
_c
260 _a
_b明窗出版社
_c1991
300 _b
490 _a散文系列
650 _a散文;随笔、日记
942 _cBK
_o855 XXF
999 _c10563
_d10553